Revista de revistas : semanario de Excélsior : el cometa Halley: diciembre de 1985 /
Publicación semanal del periódico de circulación nacional Excelsior, adquirida por el fundador del diario en 1915, Rafael Alducín. El semanario publicó diversidad de temas, desde política, ciencia, historia o las artes durante más de 80 años.
Zapisane w:
| Kolejni autorzy: | |
|---|---|
| Format: | Książka |
| Język: | hiszpański |
| Wydane: |
México :
Excélsior,
1985
|
| Hasła przedmiotowe: | |
| Etykiety: |
Nie ma etykietki, Dołącz pierwszą etykiete!
|
MARC
| LEADER | 00000nam^a2200000^a^4500 | ||
|---|---|---|---|
| 001 | 000361134 | ||
| 005 | 20250521000000.0 | ||
| 009 | 20260310115444.814 | ||
| 037 | |a Acervo ITESO - Biblioteca | ||
| 041 | |a ESP | ||
| 082 | |a 050. |b REV V. 3958 | ||
| 240 | 1 | 1 | |a [Revista de revistas: semanario de Excélsior] |
| 245 | 0 | 0 | |a Revista de revistas : |b semanario de Excélsior : el cometa Halley: diciembre de 1985 / |c Dir. de R. Díaz Redondo. |
| 264 | 1 | |a México : |b Excélsior, |c 1985 | |
| 300 | |a 64 p. | ||
| 336 | |a texto |b txt |2 rdacontenido | ||
| 337 | |a sin mediación |b n |2 rdamedio | ||
| 338 | |a volumen |b nc |2 rdasoporte | ||
| 520 | |a Publicación semanal del periódico de circulación nacional Excelsior, adquirida por el fundador del diario en 1915, Rafael Alducín. El semanario publicó diversidad de temas, desde política, ciencia, historia o las artes durante más de 80 años. | ||
| 649 | |a XX | ||
| 650 | |a Astrónomos Ingleses | ||
| 650 | |a Astrónomos Alemanes | ||
| 650 | |a Astrónomos Polacos | ||
| 650 | |a Científicos Ingleses | ||
| 650 | |a Científicos Alemanes | ||
| 650 | |a Científicos Polacos | ||
| 650 | |a Historietas y Caricaturas | ||
| 650 | |a Cometa Halley - |x Tema Principal | ||
| 650 | |a Cometas | ||
| 650 | |a Política - |z México (Ciudad) - |x Historia - |y 1982-1988 | ||
| 650 | |a Política - |z México - |x Historia - |y 1982-1988 | ||
| 650 | |a Política - |x Historia - |y Siglo XX | ||
| 650 | |a Publicaciones Periódicas Mexicanas | ||
| 650 | |a Copérnico, Nicolás | ||
| 650 | |a Kepler, Johannes | ||
| 650 | |a Halley, Edmond | ||
| 700 | |a Díaz Redondo, Regino |e (dirección) | ||
| 910 | |a Fondo General | ||
| 920 | |a Impresos - Libros | ||
| 930 | |a Colección General | ||
| 905 | |a 101 | ||
| 901 | |a 0500254605 |b IT1 |c ACC |u 20250521 | ||
| 902 | |a https://opac.biblio.iteso.mx/vufind/Record/000361134 | ||